000 04817cam a22013814i 4500
003 PE-LiUPU
005 20250813185626.0
008 150706s2011 mx a rb 000 0 spa d
020 _a9786071706348
035 _a(Sirsi) i9786071706348
040 _aPE-LiUPU
_bspa
_cPE-LiUPU
_erda
049 _aPRUA
082 0 4 _a363.7392
_bS83
_221
082 0 4 _a628.53
_bS83 2011
100 1 _aStrauss, W.,
_eautor.
245 1 0 _aContaminación del aire :
_bcausas, efectos y soluciones /
_cW. Strauss, S. J. Mainwaring ; tr. Jorge Mendoza Sierra.
264 1 _aMéxico, DF :
_bEditorial Trillas,
_c2011.
300 _a208 páginas :
_bilustraciones ;
_c23 centimetros
336 _atext
_2rdacontent
337 _aunmediated
_2rdamedia
338 _avolume
_2rdacarrier
500 _aTraducción de: Air pollution .
504 _aIncluye bibliografía.
505 0 _aQué es la contaminación del aire? -Fuentes de contaminación del aire -- Los efectos de la contaminación del aire -- Medición de contaminantes -- Control de la contaminación del aire -- Aspectos no técnicos de control -- El futuro.
526 _aP202
526 _aP201
526 _aP163
526 _aP162
526 _aP161
526 _aP160
526 _aP148
526 _aP147
526 _aP146
526 _aP145
526 _aP144
526 _aP143
526 _aP142
526 _aP141
526 _aP140
526 _aP139
526 _aP138
526 _aP137
526 _aP136
526 _aP135
526 _aP134
526 _aP133
526 _aP129
526 _aP128
526 _aP127
526 _aP120
526 _aP119
526 _aP118
526 _aP116
526 _aP115
526 _aP114
526 _aP110
526 _aP109
526 _aP108
526 _aP104
526 _aP103
526 _aP102
526 _aP99
526 _aP98
526 _aP97
526 _aP96
526 _aP95
526 _aP93
526 _aP90
526 _aP89
526 _aP88
526 _aP83
526 _aP82
526 _aP62
526 _aP59
526 _aP58
526 _aP57
526 _aP51
526 _aP49
526 _aP48
526 _aP47
526 _aP29
526 _aP24
526 _aP20
526 _aP19
526 _aP17
526 _aP15
526 _aP14
526 _aP12
526 _aP10
526 _aP09
526 _aP08
526 _aP07
526 _aP06
526 _aP05
526 _aP04
526 _aP01
541 _g001-001348;
541 _g0010039197;
541 _g0020-0000647;
650 0 4 _aAire
_xContaminación.
_9445
700 1 _aMainwaring, S. J.,
_eautor.
700 1 _aMendoza Sierra, Jorge,
_etr.
910 _agl
_cng
_d20130716
910 _ardg
_bjck
_crdg
_d20150803
942 _2ddc
_cBOOK
949 _a363.7392 S83
_wDEWEY
_c1
_i68078
_lCCODEBUL1
_mBUL
_p32.00
_r0
_sY
_tBOOK
_u2015-7-6
_xINGENIERIA
_PP24
_0COMPRA
_o.STAFF. Colección General
949 _a628.53 S83 2011
_wDEWEY
_c1
_iFJ00095
_lCCODEBUJ1
_mBUJ
_p22.64
_r0
_sY
_tBOOK
_u2015-8-3
_xINGENIERIA
_PP24
_0COMPRA
_o.STAFF. Colección General Juliaca
949 _a628.53 S83 2011
_wDEWEY
_c2
_iFJ04631
_lCCODEBUJ1
_mBUJ
_p22.64
_r0
_sY
_tBOOK
_u2016-11-29
_xINGENIERIA
_PP24
_0COMPRA
_o.STAFF. Colección General Juliaca
949 _a628.53 S83 2011
_wDEWEY
_c3
_iFJ04632
_lCCODEBUJ1
_mBUJ
_p22.64
_r0
_sY
_tBOOK
_u2016-11-29
_xINGENIERIA
_PP24
_0COMPRA
_o.STAFF. Colección General Juliaca
994 _aC0
_bPEPRU
596 _a1 3
999 _a363.7392 S83
_wDEWEY
_c55529
_i68078
_d55529
_e2019-8-12
_f2021-12-28
_g7
_lCCODEBUL1
_mBUL
_n6
_p32.00
_q1
_r0
_sY
_tBOOK
_u2015-7-6
_xINGENIERIA
_PP24
_0COMPRA
_o.STAFF. Colección General
999 _a363.7392 S83
_wDEWEY
_c2
_i74003
_d2019-10-3
_e2019-10-1
_f2021-11-9
_g7
_lCCODEBUL1
_mBUL
_n10
_p22.77
_q1
_r0
_sY
_tBOOK
_u2016-7-7
_xINGENIERIA
_PP24
_0COMPRA
_o.STAFF. Colección General
999 _a628.53 S83 2011
_wDEWEY
_c1
_iFJ00095
_d2019-3-19
_e2018-6-20
_f2022-1-26
_g4
_lCCODEBUJ1
_mBUJ
_n1
_p22.64
_q2
_r0
_sY
_tBOOK
_u2015-8-3
_xINGENIERIA
_PP24
_0COMPRA
_o.STAFF. Colección General Juliaca
999 _a628.53 S83 2011
_wDEWEY
_c2
_iFJ04631
_d2019-9-24
_e2019-3-14
_f2022-1-26
_g4
_lCCODEBUJ1
_mBUJ
_n3
_p22.64
_q3
_r0
_sY
_tBOOK
_u2016-12-1
_xINGENIERIA
_PP24
_0COMPRA
_o.STAFF. Colección General Juliaca
999 _a628.53 S83 2011
_wDEWEY
_c3
_iFJ04632
_d2019-12-3
_e2019-10-23
_f2022-1-26
_g4
_lCCODEBUJ1
_mBUJ
_n10
_p22.64
_q10
_r0
_sY
_tBOOK
_u2016-12-1
_xINGENIERIA
_PP24
_0COMPRA
_o.STAFF. Colección General Juliaca
980 _81
_gALBERTO SANCHEZ Responsable de Automatización